| 000 | 01136cam a2200289 i 4500 | ||
|---|---|---|---|
| 003 | SA-RiAUC | ||
| 005 | 20250601142235.0 | ||
| 008 | 250521s2003 jo f b 00000 ara c | ||
| 024 | 0 | _a77000000005280 | |
| 040 |
_aSA-RiAUC _bara _cSA-RiAUC _erda |
||
| 082 | 0 | 4 | _a231.2 |
| 090 |
_a231.2 _bف ح ل |
||
| 100 | 1 |
_aالفحل، ماهر ياسين، _d1971- _eمؤلف. |
|
| 245 | 1 | 0 |
_aأثر اختلاف الأسانيد والمتون في اختلاف الفقهاء / _cالدكتور ماهر ياسين فحل. |
| 250 | _aالطبعة الأولى. | ||
| 264 | 1 |
_aعمان، الأردن : _bدار عمار للنشر والتوزيع، _c2003 |
|
| 300 |
_a597 صفحة ؛ _c24 سم |
||
| 336 |
_aنص _btxt _2rdacontent _3كتاب |
||
| 337 |
_aبدون وسيط _bn _2rdamedia |
||
| 338 |
_aمجلد _bnc _2rdacarrier |
||
| 500 | _aالأصل أطروحة دكتوراه. | ||
| 504 | _aببليوجرافية : صفحة 561-597. | ||
| 650 | 7 |
_aالاختلاف (فقه إسلامي) _2aucsh |
|
| 650 | 7 |
_aالفقه الإسلامي _xمذاهب _2aucsh |
|
| 942 |
_2ddc _cBOOK _n0 |
||
| 949 |
_aSA-JeALM _d250521 _uosman123 _n1 |
||
| 999 |
_c8622 _d8622 |
||